| 000 | 00409nam a2200145 a 4500 | ||
|---|---|---|---|
| 001 | 1536 | ||
| 003 | CDMR | ||
| 005 | 20130116135212.0 | ||
| 008 | 130130s1992||||||||||||||||||||||||||||d | ||
| 040 |
_aCDMR _bcat _cCPC GIRONA |
||
| 100 | 1 |
_aPuigdevall, Narcís _91157 |
|
| 245 | 1 | 0 |
_aHistòria de la comunitat cistercenca de Cadins (1169-1992) _cPuigdevall, Narcís |
| 260 |
_c1992 _bDiputació de Girona |
||
| 942 | _cMON | ||
| 999 |
_c1536 _d1536 |
||